Personnages de dessins animés en images - V - Statistiques

Statistiques générales
  • Ce quiz a été pris 653 fois
  • Le résultat moyen est 8 sur 16
Statistiques - réponses
Par images Réponse % Correct
Vaiana
98%
Volt
94%
Vera Dinkley
91%
Vanellope von Schweetz
75%
Violet Parr
73%
Vomito
63%
Vector Perkins
61%
Victor MacBernik
55%
Vipère
40%
Vicky
31%
Vampirina
25%
Vanessa Doofenshmirtz
22%
Vaillant
19%
Vidia
18%
Vladimir
14%
Vince LaSalle
10%
Aucun quiz correspondant
Distribution des résultats
% des personnes avec chaque résultat
Percentile par nombre de réponses
Votre historique - résultats
Vous n’avez pas pris ce quiz